Zlyhania trhov v podmienkach slovenskej ekonomiky diplomová práca

Gespeichert in:
Bibliographische Detailangaben
1. Verfasser: Machová, Mária
Körperschaft: Národohospodárska fakulta EU. Katedra hospodárskej politiky
Weitere Verfasser: Kopkáš, Peter
Format: Buch
Sprache:Slowakisch
Veröffentlicht: Bratislava 2016
Tags: Tag hinzufügen
Keine Tags, Fügen Sie das erste Tag hinzu!

MARC

LEADER 00000nbm a2200000 4500
001 0217828
005 20170201142900.4
041 0 |a slo 
044 |a SK 
245 1 0 |a Zlyhania trhov v podmienkach slovenskej ekonomiky  |b diplomová práca  |c Mária Machová ; školiteľ: Peter Kopkáš 
264 1 |a Bratislava  |c 2016 
300 |a 67 s. 
100 1 |a Machová, Mária 
700 1 |a Kopkáš, Peter 
710 2 |a Národohospodárska fakulta EU. Katedra hospodárskej politiky